000 00713nam a2200205Ia 4500
003 GCL
008 140319s9999 xx 000 0 ara d
040 _aGCL /
_cGCL
082 0 4 _a903
_bف م
100 1 _aابن الفقيه : ابوبكر احمد بن محمد بن اسحاق بن ابراهيم
245 1 0 _aمختصر كتاب البلدان /
_cابن الفقيه : ابوبكر احمد بن محمد بن اسحاق بن ابراهيم
700 1 _aدى خوية
260 _a[S.N] :
_bدار صادر ،
_c1885
300 _a395 ص
490 _aماذا اعرف
_v0
650 0 4 _aالمعاجم
650 0 4 _aالعالم القديم
650 0 4 _aالجغرافيا
942 _2ddc
_cREF
999 _c59527
_d59527